Lecture notes on dermatovenerology /

Hlavní autor: Záruba, František, 1932-2011
Korporativní autor: Univerzita Karlova. Lékařská fakulta, 1.
Jazyk: Angličtina
Vydáno: Praha : Státní pedagogické nakladatelství, 1990
Vydání: 1. vyd.
Edice: Učební texty vysokých škol
Témata:
Externí odkaz: Digitalizovaný dokument
Fyzický popis: 145 s.
Knihy
Uloženo v:
LEADER 01218nam a22003132a 4500
001 000893608
003 CZ BrMZK
005 20080418093746.0
007 ta
008 080418s1990 xr fr|||||||||||eng d
015 |a cnb000061198 
035 |a (OCoLC)85671624 
040 |a BOA001  |b cze 
100 1 |a Záruba, František,  |d 1932-2011  |7 jn20000402775  |4 aut 
245 1 0 |a Lecture notes on dermatovenerology /  |c František Záruba 
250 |a 1. vyd. 
260 |a Praha :  |b Státní pedagogické nakladatelství,  |c 1990 
300 |a 145 s. 
490 1 |a Učební texty vysokých škol 
550 |a Vyd.: Univerzita Karlova, 1. lékařská fakulta 
710 2 |a Univerzita Karlova.  |b Lékařská fakulta, 1.  |7 kn20010709366 
810 2 |a Univerzita Karlova.  |b Lékařská fakulta, 1.  |t Učební texty  |0 s 
856 4 1 |u http://www.digitalniknihovna.cz/mzk/uuid/uuid:11c252c0-3d51-11e3-9c86-005056827e51  |y Digitalizovaný dokument  |x NDK 
910 |a BOA001  |b 4-0964.372 
964 |a Nemoci pohlavní - učebnice - školy vysoké 
964 |a Nemoci kožní - učebnice - školy vysoké 
990 |a BK 
991 |b 200804 
996 7 |b 2619373875  |c 4-0964.372  |l MZK  |r Sklad / do 1 hodiny  |n 2  |w 000893608  |u 000010  |a 1  |e BOA001  |j MZK50  |s A